Statistics for Washington State : Trivia

Click here to take the quiz!

General Stats

  • This quiz has been taken 141 times
    (140 since last reset)
  • The average score is 18 of 25

Answer Stats

HintAnswer% Correct
Largest CitySeattle
99%
State CapitalOlympia
98%
State is named after ___ ___George Washington
89%
State that borders Washington to the eastIdaho
88%
State that borders Washington to the southOregon
87%
2nd Largest CitySpokane
87%
To the west of Washington lies the ___ OceanPacific
86%
The state's only NFL teamSeattle Seahawks
85%
___ Sound, Washington's complex estuarine systemPuget
82%
Microsoft founder, born here in 1955Bill Gates
81%
Canadian province that borders Washington to the northBritish Columbia
80%
Major League Baseball teamSeattle Mariners
80%
Aerospace company founded here with over 80,000 employees in the stateBoeing
77%
State's population (to nearest million)7,000,000
71%
Massive stratovolcano, marks the highest point in the stateMount Rainier
71%
4th largest river in the United States that runs through the stateColumbia River
70%
State's unofficial nicknameEvergreen
68%
Best supported team in Major League SoccerSeattle Sounders
68%
Nirvana frontman ___ ___, born hereKurt Cobain
61%
'Best guitarist ever', '___ ___ Experience', 'Purple Haze', born hereJimi Hendrix
58%
Set of islands between US mainland and CanadaSan Juan Islands
58%
White Christmas crooner, born here in 1903Bing Crosby
56%
From which small Washington town does he hail?Aberdeen
44%
Famous national park in the far north of the stateNorth Cascades
38%
Peninsula on the west coast known for 28 miles of sandy beachesLong Beach
22%

Score Distribution

Percentile by Number Answered

Percent of People with Each Score

Your Score History

You have not taken this quiz since the last reset